Environmentálne výzvy v pohraničnej oblasti Haiti a Dominikánskej republiky

Haiti a Dominikánska republika sa radia ku krajinám s najvyšším rizikom postihnutia environmentálnou katastrofou. Spoločne zdieľajú ostrov Hispaniola nachádzajúci sa v karibskom regióne, ktorý podlieha častým zemetraseniam či hurikánom. Súčasná situácia na ostrove Hispaniola. World risk index - inde...

ver descrição completa

Na minha lista:
Detalhes bibliográficos
Autor principal: Dancáková, Ivana
Formato: Capítulo de Livro
Idioma:eslovaco
Assuntos:
Tags: Adicionar Tag
Sem tags, seja o primeiro a adicionar uma tag!

MARC

LEADER 00000nla a2200000 4500
001 0228911
005 20240502073753.7
041 0 |a slo 
044 |a SK 
245 1 0 |a Environmentálne výzvy v pohraničnej oblasti Haiti a Dominikánskej republiky  |c Ivana Dancáková 
520 |a Haiti a Dominikánska republika sa radia ku krajinám s najvyšším rizikom postihnutia environmentálnou katastrofou. Spoločne zdieľajú ostrov Hispaniola nachádzajúci sa v karibskom regióne, ktorý podlieha častým zemetraseniam či hurikánom. Súčasná situácia na ostrove Hispaniola. World risk index - index svetového rizika - Haiti a Dominikánska republika. Environmentálne indexy. Environmentálne výzvy Haiti a Dominikánskej republiky. Ekonomické a sociálne výzvy. Kooperácia ako riešenie situácie. 
610 2 0 |a pohromy živelné 
610 2 0 |a zmeny klimatické 
610 2 0 |a povodne 
610 2 0 |a zdroje prírodné 
610 2 0 |a indexy 
610 2 0 |a ochrana prostredia životného 
610 2 0 |a Haiti 
610 2 0 |a Dominikánska republika 
100 1 |a Dancáková, Ivana